Historia de la poesía colombiana (Registro nro. 3452)
[ vista simple ]
| 000 -CABECERA | |
|---|---|
| Longitud fija campo de control | 02848nam a2200469 a 4500 |
| 005 - • FECHA Y HORA DE LA ÚLTIMA TRANSACCIÓN | |
| Fecha y hora de la última transacción | 20220317000226.0 |
| 007 - • CAMPO FIJO DE DESCRIPCIÓN FÍSICA | |
| Campo fijo de descripción física | ta |
| 008 - • CÓDIGOS DE INFORMACIÓN DE LONGITUD FIJA | |
| Códigos de información de longitud fija | 141031s2009ck 000 0 spr s s0 spa d |
| 020 ## - • NÚMERO INTERNACIONAL NORMALIZADO PARA LIBROS | |
| Número Internacional Normalizado para Libros (ISBN) | 9789589672198 |
| 040 ## - FUENTE DE LA CATALOGACIÓN | |
| Centro catalogador de origen | CO-BoRNBP |
| Lengua de catalogación | spa |
| Normas de descripción | rda |
| Centro transcriptor | CO-BoRNBP |
| 082 04 - • NÚMERO DE LA CLASIFICACIÓN DECIMAL DEWEY | |
| Número de clasificación (R) | Co861.09 |
| Número del ítem | H37 |
| 245 10 - • TITULO PROPIAMENTE DICHO | |
| Título | Historia de la poesía colombiana |
| Resto del título | seguida de un panorama de las tres últimas décadas |
| Mención de responsabilidad, etc. | dirección proyecto María Mercedes Carranza, Pedro Alejo Gómez Vila ; con la colaboración de la Alcaldía Mayor de Bogotá, Secretaría Distrital de Recreación y Deporte, Fundación Gilberto Alzate Avendaño |
| 264 ## - PRODUCCIÓN, PUBLICACIÓN , DISTRIBUCIÓN, FABRICACIÓN Y COPYRIGHT | |
| Lugar de producción, publicación, distribución, fabricación | Bogotá |
| Nombre del productor, editor, distribuidor, fabricante | Casa de Poesía Silva |
| Fecha de de producción, publicación, distribución, fabricación o copyright | 2009 |
| 300 ## - • DESCRIPCIÓN FÍSICA | |
| Extensión | 868 páginas |
| Dimensiones | 25 cm |
| 336 ## - TIPO DE CONTENIDO | |
| Término de tipo de contenido | texto |
| Código de tipo de contenido | txt |
| Fuente | rdacontent |
| 337 ## - TIPO DE MEDIO | |
| Nombre del tipo de medio | sin mediación |
| Código del tipo de medio | n |
| Fuente | rdamedia |
| 338 ## - TIPO DE SOPORTE | |
| Nombre del tipo de soporte | volumen |
| Código del tipo de soporte | nc |
| Fuente | rdacarrier |
| 500 ## - • NOTA GENERAL | |
| Nota general | Incluye índice al final del texto |
| 504 ## - • NOTA DE BIBLIOGRAFÍA, ETC | |
| Nota de bibliografía, etc. | Incluye referencias bibliográficas |
| 505 1# - • NOTA DE CONTENIDO CON FORMATO | |
| Nota de contenido con formato | Arte del tiempo /Pedro Alejo Gómez Vila -- Esta historia / María Mercedes Carranza -- Poesía indígena / William Ospina -- Poesía de la conquista /William Ospina -- Poesia de la colonia/ William Ospina -- Poesía de la independencia /William Ospina -- Romanticismo /David Jiménez P. -- Poesía finisecular /David Jiménez P, Montserrat Ordoñez, José Asunción Silva, Montserrat Ordóñez -- Modernismos /J. Eduardo Jaramillo Zuluaga, Juan Gustavo Cobo Borda -- Los nuevos /Diógenes Fajardo, Aurelio Arturo, Claudia Cadena Silva -- Piedra y cielo/ Fernando Charry Lara -- Mito /Jaime García Maffla, Guillermo Alberto Arévalo -- Nadaísmo /Oscar Collazos /Mario Rivero Darío Jaramillo Agudelo -- Generación de Golpe de Dados /James Alstrum -- Antologías /Daío Jaramillo Agudelo -- Un panorama de las tres últimas décadas /Robinson Quintero Ossa, Luis Germán Sierra |
| 650 17 - • PUNTO DE ACCESO ADICIONAL DE MATERIA - TÉRMINO DE MATERIA | |
| Término de materia o nombre geográfico como elemento inicial | Literatura colombiana |
| Subdivisión de materia general | Historia y crítica |
| Fuente del encabezamiento o término | LEMB |
| 650 17 - • PUNTO DE ACCESO ADICIONAL DE MATERIA - TÉRMINO DE MATERIA | |
| Término de materia o nombre geográfico como elemento inicial | Poesía colombiana |
| Subdivisión de materia general | Historia y crítica |
| Fuente del encabezamiento o término | LEMB |
| 650 17 - • PUNTO DE ACCESO ADICIONAL DE MATERIA - TÉRMINO DE MATERIA | |
| Término de materia o nombre geográfico como elemento inicial | Romanticismo |
| Subdivisión de forma | Poesía |
| Fuente del encabezamiento o término | LEMB |
| 700 1# - • PUNTO DE ACCESO ADICIONAL - NOMBRE DE PERSONA | |
| Nombre de persona | Carranza, María Mercedes |
| Fechas asociadas al nombre | 1945-2003 |
| Término indicativo de función | directora |
| 700 1# - • PUNTO DE ACCESO ADICIONAL - NOMBRE DE PERSONA | |
| Nombre de persona | Gómez Vila, Pedro Alejandro |
| Fechas asociadas al nombre | 1943- |
| Término indicativo de función | director |
| 700 1# - • PUNTO DE ACCESO ADICIONAL - NOMBRE DE PERSONA | |
| Nombre de persona | Gómez Vila, Pedro Alejo |
| 700 1# - • PUNTO DE ACCESO ADICIONAL - NOMBRE DE PERSONA | |
| Nombre de persona | Ospina, William |
| Fechas asociadas al nombre | 1954- |
| 700 1# - • PUNTO DE ACCESO ADICIONAL - NOMBRE DE PERSONA | |
| Nombre de persona | Jiménez P., David |
| 700 1# - • PUNTO DE ACCESO ADICIONAL - NOMBRE DE PERSONA | |
| Nombre de persona | Ordoñez, Montserrat |
| 700 1# - • PUNTO DE ACCESO ADICIONAL - NOMBRE DE PERSONA | |
| Nombre de persona | Jaramillo Zuluaga, J. Eduardo |
| 700 1# - • PUNTO DE ACCESO ADICIONAL - NOMBRE DE PERSONA | |
| Nombre de persona | Cobo Borda, Juan Gustavo |
| Fechas asociadas al nombre | 1948- |
| Término indicativo de función | compilador |
| 700 1# - • PUNTO DE ACCESO ADICIONAL - NOMBRE DE PERSONA | |
| Nombre de persona | Fajardo, Diógenes |
| 700 1# - • PUNTO DE ACCESO ADICIONAL - NOMBRE DE PERSONA | |
| Nombre de persona | Cadena Silva, Claudia |
| 700 1# - • PUNTO DE ACCESO ADICIONAL - NOMBRE DE PERSONA | |
| Nombre de persona | Charry Lara, Fernando |
| 700 1# - • PUNTO DE ACCESO ADICIONAL - NOMBRE DE PERSONA | |
| Nombre de persona | García Maffla, Jaime |
| 700 1# - • PUNTO DE ACCESO ADICIONAL - NOMBRE DE PERSONA | |
| Nombre de persona | Arévalo, Guillermo Alberto |
| 700 1# - • PUNTO DE ACCESO ADICIONAL - NOMBRE DE PERSONA | |
| Nombre de persona | Collazos, Oscar |
| 700 1# - • PUNTO DE ACCESO ADICIONAL - NOMBRE DE PERSONA | |
| Nombre de persona | Jaramillo Agudelo, Darío |
| Fechas asociadas al nombre | 1947- |
| 700 1# - • PUNTO DE ACCESO ADICIONAL - NOMBRE DE PERSONA | |
| Nombre de persona | Alstrum, James |
| 710 2# - • PUNTO DE ACCESO ADICIONAL - NOMBRE DE ENTIDAD | |
| Nombre de entidad o nombre de jurisdicción como elemento inicial | Fundación Gilberto Alzate Avendaño |
| 942 ## - ENTRADA DE ELEMENTOS AGREGADOS (KOHA) | |
| Fuente de clasificaión o esquema | Dewey Decimal Classification |
| Koha [por defecto] tipo de item | Libro Literatura |
| Perdido | Fuente de clasificación o esquema | Estado Físico | No para préstamo | Forma de adquisición | Localización permanente | Localización actual | Localización en estanterías | Fecha adquisición | Préstamos totales | Signatura completa | Código de barras | Fecha última consulta | Número de copia | Fecha del precio de reemplazo | Tipo de item de Koha |
|---|---|---|---|---|---|---|---|---|---|---|---|---|---|---|---|
| Clasificación Local Facetada | Colección General | Biblioteca Pública Puerto Concordia | Biblioteca Pública Puerto Concordia | General | 03/03/2026 | Co861.09 H37 | PCON02431 | 03/03/2026 | Ej.1 | 03/03/2026 | Libro Literatura |